| 000 | 01166cab a2200181 4500 | ||
|---|---|---|---|
| 001 | L130135 | ||
| 008 | 050627n2005 000 0 eng u | ||
| 035 | _a(Sirsi) u130135 | ||
| 041 | _aeng | ||
| 100 | _aMorgan, Phil | ||
| 245 | _aBreak points | ||
| 260 | _c2005 | ||
| 490 |
_aInside Housing _v22(24) 17 June 2005, 51-52(2) |
||
| 520 | _aProvides advice on how disputes between tenant groups and landlords can be prevented and looks at the new methodology developed by the Tenant Participation Advisory Service (TPAS) for use in disputes either as a self-help tool or as part of a consultancy project. TPAS proposes setting up a round table meeting of all concerned parties, defining the relationships between the parties, creating a good tenant participation strategy, making sure tenant groups are truly representative, increasing tenant involvement and establishing behaviour boundaries. Provides an example of TPAS rebuilding trust between a local authority landlord and tenant groups. The report and toolkit are freely available from TPAS. | ||
| 590 | _aIKA040705 | ||
| 690 | _aPROPERTY-RESIDENTIAL PROPERTY-RESIDENTIAL LANDLORD AND TENANT | ||
| 942 | _n0 | ||
| 999 |
_c75467 _d75467 |
||